00518nam a22001577a 450000500170000001000150001702000260003203500140005803700090007208200140008110000250009524500680012026000390018827000900022730000430031720220322143639.0 aENG-132069 a9789391657017c795.00 aEN-115601 bDBAD a332.10954 aDhiman, Sanjay Kumar aWoman Development Through Micro Financing/cSanjay Kumar Dhiman aNew DelhibAryan Publicationc2021 a110,Gali no.4, Harphool Vihar,BapraulabNew Delhie110043maryanpublication@gmail.com axxiv,216pbIndex , Contentsc22cm(hbk)